=LDR 00000nam 2200000 4500 =001 INLIS000000000003645 =005 20250321095011 =035 ##$$a 0010-0325000361 =007 ta =008 250321################g##########e#ind## =082 ##$$a 305.240.72 =084 ##$$a 305.240.72 ROB m =100 #$$a Robertha Suparyanti =245 1#$$a Modul 7 Pendataan keuarga/MDK dan pemetaan keluarga /$c BKKBN =260 ##$$a Jakarta :$b BKKBN,$c 2014 =300 ##$$a II, 30 halm : $b - ; $c 29 cm =650 #4$$a Keluarga Berencana =520 ##$$a Berisikan penjelasan tentang pendataan keluarga/MDK dan pemetaan keluarga =856 ##$$a Perpustakaan UPT Balai Diklat KKB Jember